[Event "Cammeray Norths op"]
[Site "Cammeray"]
[Date "2011.01.02"]
[Round "1"]
[White "Schuetz, Fred"]
[Black "Liu, Steven Hern"]
[Result "0-1"]
[WhiteElo "1308"]
[BlackElo "1702"]
[PlyCount "136"]
[EventDate "2011.01.02"]
[EventType "swiss"]
[EventRounds "7"]
[EventCountry "AUS"]
[SourceTitle "EXT 2013"]
[Source "ChessBase"]
[SourceDate "2012.11.22"]
[SourceVersion "1"]
[SourceVersionDate "2012.11.22"]
[SourceQuality "1"]

1. e4 c5 2. Nc3 g6 3. f4 Bg7 4. Nf3 Nc6 5. Bb5 Nd4 6. 0-0 Nxb5 7. Nxb5 a6 8. Nc3 e6 9. d3 Ne7 10. Kh1 0-0 11. Ne2 b5 12. a3 Bb7 13. Ng3 d5 14. e5 d4 15. Qe2 Bd5 16. Ne4 Qc7 17. Bd2 a5 18. c3 dxc3 19. Bxc3 Qc6 20. Bd2 Bxe4 21. Qxe4 Qxe4 22. dxe4 Rfc8 23. Be3 Rc6 24. Rfd1 f5 25. exf6 Bxf6 26. e5 Bg7 27. Rd6 Rxd6 28. exd6 Nd5 29. Bxc5 Nxf4 30. Re1 Nd3 31. Rxe6 Nxc5 32. Re7 Rd8 33. Rc7 Rxd6 34. Rc8+ Bf8 35. g3 Rd5 36. Rb8 Nd3 37. b3 Kg7 38. a4 bxa4 39. bxa4 Bb4 40. g4 Nf2+ 41. Kg2 Nxg4 42. Rb7+ Kh6 43. h4 Nf6 44. Rf7 Bc3 45. Rc7 Bd2 46. Rc6 Nh5 47. Kh3 Rd3 48. Kg4 Nf6+ 49. Rxf6 Bb4 50. Rf7 Re3 51. Ng5 Re7 52. Rxe7 Bxe7 53. Ne6 Bd6 54. Nd8 Kg7 55. Nc6 Bc7 56. Nd4 Kf6 57. Nf3 h5+ 58. Kh3 Be5 59. Nd2 Ke6 60. Kg2 Kd5 61. Kf3 Bf6 62. Kg3 Bd8 63. Kh3 Kc5 64. Nf3 Bc7 65. Ng5 Be5 66. Nf3 Bf6 67. Kg3 Kb4 68. Kf4 Bxh4 0-1